000
00324nam a22001217a 4500
008
180607b xxu||||| |||| 00| 0 eng d
041
_a
eng
080
_a
043.3
100
_a
0
101
_a
SHJ-BTH
245
_a
Trashëgimia dhe format e trashëgimisë sipas Ligjit në Republikën e Kosovës
_c
Osmanaj,L
942
_2
udc
_c
BK
999
_c
46555
_d
46555